00530 2200205 4500001002100000005001500021035002000036008004100056245004300097100002400140250000600164260003800170300001200208084001400220082000800234650001000242520004800252990001200300990001200312INLIS00000000000096720240530103334 a0010-0524000202240530 1 ind 1 aA Heart For Two /cT. Sandi Situmorang aSitumorang, T Sandi a1 aYogyakarta :bSheila/ Andi,c2013 a234 hlm a813 SAN a a813 4aFiksi aA Heart For Two, Kuatlah Ketika Duka Datang a0741688 a0741689